000 00705nam a22002537a 4500
003 DO-SdBNP
005 20260216131119.0
007 ta
008 210616e2018 dr ||||er|||| 001 0 spa d
020 _a9789945504026
040 _aDO-SdBNP
_bspa
_cBNPHU
_erda
041 _hspa
082 4 _a158.1
_bP328d
_222
100 1 _aPaulino, Lina Andrea
_978880
245 1 0 _aDe tal manera /
_cLina Paulino.
260 _aSanto Domingo :
_b El Nuevo Diario,
_c2018.
300 _a109 p. ;
_c22 cm
590 _aInventariado, 2021/MFF
650 4 _aAutorrealización (Psicología)
_9211
650 4 _aÉxito
_9394
650 0 _aConducta de vida
_911947
910 _aInventariado, 2021/MFF
942 _2ddc
_cLBS1
999 _c49938
_d49938